[Event "Logumkloster-chA"]
[Site "Logumkloster"]
[Date "2016.04.12"]
[Round "1"]
[White "Kallesen, Jesper"]
[Black "Schroder, Borge"]
[Result "1/2-1/2"]
[WhiteElo "1833"]
[BlackElo "1848"]
[PlyCount "36"]
[EventDate "2016.04.12"]
[EventType "tourn"]
[EventRounds "5"]
[EventCountry "DEN"]
[SourceTitle "EXT 2023"]
[Source "ChessBase"]
[SourceDate "2022.10.05"]
[SourceVersion "1"]
[SourceVersionDate "2022.10.05"]
[SourceQuality "1"]

1. d4 b6 2. Bf4 Bb7 3. e3 Nf6 4. Nf3 g6 5. Nbd2 Bg7 6. Bd3 d6 7. c3 Nbd7 8. Qe2 h6 9. Ba6 Qc8 10. Bxb7 Qxb7 11. 0-0 g5 12. Bg3 Ne4 13. Nxe4 Qxe4 14. Qc4 c6 15. Nd2 Qd5 16. Qxd5 cxd5 17. f4 f6 18. fxg5 fxg5 1/2-1/2

[Event "Vojens Sonderjysk EMT A"]
[Site "Vojens"]
[Date "2015.06.13"]
[Round "7"]
[White "Andersen, Christian Nors"]
[Black "Schroder, Borge"]
[Result "1/2-1/2"]
[WhiteElo "1916"]
[BlackElo "1685"]
[PlyCount "52"]
[EventDate "2015.04.27"]
[EventType "tourn"]
[EventRounds "7"]
[EventCountry "DEN"]
[SourceTitle "EXT 2023"]
[Source "ChessBase"]
[SourceDate "2022.10.05"]
[SourceVersion "1"]
[SourceVersionDate "2022.10.05"]
[SourceQuality "1"]

1. d4 b6 2. c4 Bb7 3. Nc3 Nf6 4. Nf3 e6 5. a3 Be7 6. Qc2 d5 7. cxd5 Nxd5 8. e4 Nxc3 9. bxc3 c5 10. Be3 cxd4 11. cxd4 0-0 12. Bd3 Nd7 13. 0-0 Rc8 14. Qb1 Re8 15. Rc1 Rxc1+ 16. Qxc1 a6 17. Qc2 Qc8 18. Qb3 b5 19. Rc1 Qb8 20. h3 Rc8 21. Rxc8+ Qxc8 22. Bd2 Nf6 23. Bg5 h6 24. Bxf6 Bxf6 25. e5 Be7 26. a4 Qc1+ 1/2-1/2

[Event "Vojens Sonderjysk EMT A"]
[Site "Vojens"]
[Date "2015.06.08"]
[Round "6"]
[White "Schroder, Borge"]
[Black "Ladefoged, Simon Degnbol"]
[Result "1-0"]
[WhiteElo "1685"]
[BlackElo "1751"]
[PlyCount "77"]
[EventDate "2015.04.27"]
[EventType "tourn"]
[EventRounds "7"]
[EventCountry "DEN"]
[SourceTitle "EXT 2023"]
[Source "ChessBase"]
[SourceDate "2022.10.05"]
[SourceVersion "1"]
[SourceVersionDate "2022.10.05"]
[SourceQuality "1"]

1. c4 e5 2. Nc3 Nf6 3. g3 Nc6 4. Bg2 Bc5 5. e3 d6 6. Nge2 0-0 7. 0-0 Bf5 8. d3 Qd7 9. a3 a5 10. Bd2 Bxd3 11. Nd5 Bxc4 12. Nxf6+ gxf6 13. Re1 Qg4 14. Nc3 Qxd1 15. Raxd1 f5 16. Nd5 Bxd5 17. Bxd5 Ra7 18. Rc1 Ne7 19. Bg2 c6 20. Bc3 Ng6 21. Bh3 f4 22. exf4 exf4 23. Bf6 fxg3 24. hxg3 Raa8 25. Bd7 Bb6 26. Kg2 Bd8 27. Bc3 Bg5 28. Rcd1 d5 29. Rh1 Rfd8 30. Bf5 Rd6 31. Rh5 Bf6 32. Rdh1 Bxc3 33. bxc3 Rf6 34. Bc2 Re8 35. Bxg6 fxg6 36. Rxh7 Re2 37. Rh8+ Kf7 38. R1h7+ Ke6 39. Re8+ 1-0

[Event "Vojens Sonderjysk EMT A"]
[Site "Vojens"]
[Date "2015.06.01"]
[Round "5"]
[White "Clausen, Hans Jorgen"]
[Black "Schroder, Borge"]
[Result "1/2-1/2"]
[WhiteElo "1737"]
[BlackElo "1685"]
[PlyCount "68"]
[EventDate "2015.04.27"]
[EventType "tourn"]
[EventRounds "7"]
[EventCountry "DEN"]
[SourceTitle "EXT 2023"]
[Source "ChessBase"]
[SourceDate "2022.10.05"]
[SourceVersion "1"]
[SourceVersionDate "2022.10.05"]
[SourceQuality "1"]

1. d4 b6 2. Nf3 Bb7 3. c4 Nf6 4. Nc3 e6 5. e3 d6 6. Bd3 Be7 7. 0-0 Nbd7 8. e4 c5 9. d5 e5 10. h3 Nf8 11. Nh4 Nxd5 12. Nf5 Nxc3 13. Nxg7+ Kd7 14. bxc3 Rg8 15. Nf5 Ne6 16. Qh5 Qf8 17. Bh6 Qe8 18. Bc2 Rd8 19. Ba4+ Bc6 20. Bxc6+ Kxc6 21. Qd1 Nc7 22. Ne3 Rg6 23. Nf5 Bg5 24. Bxg5 Rxg5 25. h4 Rg6 26. g3 Qe6 27. Qe2 Ne8 28. Qd3 Rd7 29. a4 a6 30. Qd5+ Qxd5 31. cxd5+ Kb7 32. c4 a5 33. Rab1 Ka7 34. Rb3 Ng7 1/2-1/2

[Event "Logumkloster-chA"]
[Site "Logumkloster"]
[Date "2014.04.22"]
[Round "3"]
[White "Schroder, Borge"]
[Black "Baagoe, Hans Chr"]
[Result "1-0"]
[WhiteElo "1628"]
[BlackElo "1607"]
[PlyCount "100"]
[EventDate "2014.03.18"]
[EventType "tourn"]
[EventRounds "5"]
[EventCountry "DEN"]
[SourceTitle "EXT 2023"]
[Source "ChessBase"]
[SourceDate "2022.10.05"]
[SourceVersion "1"]
[SourceVersionDate "2022.10.05"]
[SourceQuality "1"]

1. c4 c5 2. Nc3 Nc6 3. g3 e6 4. Bg2 Nf6 5. e3 Be7 6. Nge2 Ne5 7. d3 0-0 8. 0-0 a6 9. b3 d5 10. cxd5 exd5 11. d4 cxd4 12. Qxd4 Nc6 13. Qd2 Be6 14. Rd1 Bb4 15. a3 Bxc3 16. Qxc3 Rc8 17. Nd4 Qe7 18. Bb2 Na7 19. Qd3 Rfe8 20. Nf5 Bxf5 21. Qxf5 Qe6 22. Qd3 Nc6 23. Bxd5 Nxd5 24. Qxd5 Qg4 25. Qd7 Qxd7 26. Rxd7 Re7 27. Rad1 b5 28. b4 h6 29. Kg2 f6 30. R7d6 Kf7 31. Bd4 Nxd4 32. R1xd4 Re6 33. Rd7+ Re7 34. R4d6 Ra8 35. Rxe7+ Kxe7 36. Rb6 g6 37. Kf3 h5 38. h4 Kf7 39. Rb7+ Ke6 40. Kf4 g5+ 41. hxg5 fxg5+ 42. Kxg5 Rg8+ 43. Kh4 Rf8 44. f4 Kf5 45. Re7 Rg8 46. e4+ Kf6 47. Ra7 Rg4+ 48. Kh3 Ke6 49. Rxa6+ Kd7 50. Rb6 Rg8 1-0

[Event "Sonderjysk-ch B"]
[Site "Haderslev"]
[Date "2013.06.03"]
[Round "5"]
[White "Schroder, Borge"]
[Black "Hedegaard, David"]
[Result "1/2-1/2"]
[WhiteElo "1712"]
[BlackElo "1432"]
[PlyCount "90"]
[EventDate "2013.04.29"]
[EventType "tourn"]
[EventRounds "7"]
[EventCountry "DEN"]
[SourceTitle "EXT 2023"]
[Source "ChessBase"]
[SourceDate "2022.10.05"]
[SourceVersion "1"]
[SourceVersionDate "2022.10.05"]
[SourceQuality "1"]

1. c4 e5 2. Nc3 Nc6 3. g3 Nf6 4. Bg2 Bc5 5. e3 d6 6. Nge2 Bf5 7. e4 Bg6 8. d3 Bh5 9. 0-0 Nd4 10. Be3 c6 11. Bxd4 Bxd4 12. Qd2 Qa5 13. Nxd4 exd4 14. Nb1 Qxd2 15. Nxd2 Be2 16. Rfe1 Bxd3 17. e5 dxe5 18. Rxe5+ Kd7 19. Rd1 Bc2 20. Rc1 Bg6 21. Nb3 d3 22. Rd1 Rhe8 23. f4 Rad8 24. Rxe8 Kxe8 25. Nc5 d2 26. Nb3 Bc2 27. Rxd2 Rxd2 28. Nxd2 Kd7 29. h3 Kd6 30. b4 b6 31. Kf2 c5 32. a3 h6 33. Ke3 Ke6 34. Ne4 Nxe4 35. Bxe4 Bxe4 36. Kxe4 f5+ 37. Kd3 h5 38. Kc3 Kd6 39. Kb3 a6 40. a4 a5 41. b5 Ke6 42. Kc3 Kf6 43. Kd3 Kg6 44. Ke3 Kh6 45. Kf3 Kg6 1/2-1/2

[Event "Sonderjysk-ch B"]
[Site "Haderslev"]
[Date "2013.05.27"]
[Round "4"]
[White "Clausen, Hans Jorgen"]
[Black "Schroder, Borge"]
[Result "1/2-1/2"]
[WhiteElo "1576"]
[BlackElo "1712"]
[PlyCount "102"]
[EventDate "2013.04.29"]
[EventType "tourn"]
[EventRounds "7"]
[EventCountry "DEN"]
[SourceTitle "EXT 2023"]
[Source "ChessBase"]
[SourceDate "2022.10.05"]
[SourceVersion "1"]
[SourceVersionDate "2022.10.05"]
[SourceQuality "1"]

1. d4 b6 2. e4 Bb7 3. Bd3 e6 4. c4 Nf6 5. Qe2 c5 6. d5 e5 7. Nc3 d6 8. f4 Nbd7 9. Nf3 exf4 10. Bxf4 Ng4 11. h3 Nge5 12. Bc2 f6 13. Nxe5 fxe5 14. Bg3 Qg5 15. Qf3 Be7 16. h4 Qh6 17. Bf2 Rf8 18. Qe2 0-0-0 19. Be3 Qg6 20. 0-0-0 a6 21. g4 h6 22. h5 Qh7 23. Rhf1 Qg8 24. Rxf8 Rxf8 25. Rf1 Rf7 26. Rf5 Kc7 27. Qf2 Rf8 28. Rxf8 Qxf8 29. Qf5 Bc8 30. Qxf8 Nxf8 31. Bd1 Nh7 32. Kc2 Bg5 33. Bxg5 Nxg5 34. Kd3 Nh7 35. Bf3 Nf6 36. Ne2 Bxg4 37. Bxg4 Nxg4 38. Ng3 Nf6 39. a3 Kd7 40. Ke3 b5 41. Kd3 Kc7 42. Kc3 Kb6 43. b3 Kc7 44. Kd3 Kd7 45. a4 Kc7 46. a5 bxc4+ 47. bxc4 Kd8 48. Nf5 Ne8 49. Ke3 Kd7 50. Kf3 Kd8 51. Ke3 Kd7 1/2-1/2

[Event "Logumkloster-chA"]
[Site "Logumkloster"]
[Date "2013.04.09"]
[Round "1"]
[White "Kallesen, Jesper"]
[Black "Schroder, Borge"]
[Result "1-0"]
[WhiteElo "1560"]
[BlackElo "1721"]
[PlyCount "77"]
[EventDate "2013.04.09"]
[EventType "tourn"]
[EventRounds "5"]
[EventCountry "DEN"]
[SourceTitle "EXT 2023"]
[Source "ChessBase"]
[SourceDate "2022.10.05"]
[SourceVersion "1"]
[SourceVersionDate "2022.10.05"]
[SourceQuality "1"]

1. e4 b6 2. d4 Bb7 3. Nc3 g6 4. Bc4 Bg7 5. Nge2 e6 6. Bf4 d6 7. Rb1 Ne7 8. 0-0 0-0 9. Re1 Nd7 10. d5 e5 11. Bg5 h6 12. Bh4 Bf6 13. Bg3 Kh7 14. f3 a6 15. a4 Ng8 16. Rf1 Bh4 17. Qe1 Bxg3 18. Qxg3 f5 19. exf5 Rxf5 20. Bd3 Rg5 21. Qf2 Nc5 22. Bc4 Rf5 23. b4 Nd7 24. Bd3 Rf6 25. Ne4 Rf7 26. Qg3 Rg7 27. c4 Ngf6 28. h4 Nh5 29. Qf2 Kh8 30. Qe3 Qxh4 31. Qxh6+ Kg8 32. g4 Rf8 33. gxh5 gxh5+ 34. N4g3 Nf6 35. Kg2 e4 36. fxe4 Nxe4 37. Rxf8+ Kxf8 38. Rf1+ Kg8 39. Qe6+ 1-0

[Event "Vojens Sonderjysk B"]
[Site "Vojens"]
[Date "2011.06.09"]
[Round "7"]
[White "Clausen, Jorgen"]
[Black "Schroder, Borge"]
[Result "1/2-1/2"]
[WhiteElo "1741"]
[BlackElo "1686"]
[PlyCount "36"]
[EventDate "2011.05.02"]
[EventType "tourn"]
[EventRounds "7"]
[EventCountry "DEN"]
[SourceTitle "EXT 2023"]
[Source "ChessBase"]
[SourceDate "2022.10.05"]
[SourceVersion "1"]
[SourceVersionDate "2022.10.05"]
[SourceQuality "1"]

1. d4 b6 2. e4 Bb7 3. Bd3 e6 4. Ne2 Nf6 5. Ng3 c5 6. Bg5 Be7 7. dxc5 bxc5 8. e5 Nd5 9. Bxe7 Nxe7 10. 0-0 Qb6 11. Nd2 Bd5 12. c4 Bb7 13. Be4 Nbc6 14. b3 Nxe5 15. Bxb7 Qxb7 16. Nde4 0-0 17. Nxc5 Qc6 18. Qd4 N7g6 1/2-1/2

[Event "Vojens Sonderjysk B"]
[Site "Vojens"]
[Date "2011.05.30"]
[Round "5"]
[White "Johnk, Gert C"]
[Black "Schroder, Borge"]
[Result "1/2-1/2"]
[WhiteElo "1807"]
[BlackElo "1686"]
[PlyCount "64"]
[EventDate "2011.05.02"]
[EventType "tourn"]
[EventRounds "7"]
[EventCountry "DEN"]
[SourceTitle "EXT 2023"]
[Source "ChessBase"]
[SourceDate "2022.10.05"]
[SourceVersion "1"]
[SourceVersionDate "2022.10.05"]
[SourceQuality "1"]

1. e4 b6 2. d4 Bb7 3. Bd3 e6 4. Nc3 Be7 5. Nf3 Nf6 6. 0-0 c5 7. e5 Nd5 8. Nxd5 Bxd5 9. c3 cxd4 10. Nxd4 Nc6 11. Nxc6 Bxc6 12. Qg4 g6 13. Bh6 Bf8 14. Bxf8 Rxf8 15. a4 h5 16. Qd4 Qc7 17. Ba6 Bb7 18. Bxb7 Qxb7 19. Rfd1 Rc8 20. Rd3 Rc5 21. c4 Rc7 22. b3 Qc6 23. Rad1 Qc5 24. Qf4 Qe7 25. Rf3 Rc6 26. Qd4 Rc7 27. Qe4 Qd8 28. Rg3 Rc6 29. f4 Rc7 30. Rgd3 f5 31. exf6 Qxf6 32. g3 Qf5 1/2-1/2

[Event "Vojens Sonderjysk B"]
[Site "Vojens"]
[Date "2011.05.23"]
[Round "4"]
[White "Schroder, Borge"]
[Black "Asmund, Erik"]
[Result "1-0"]
[WhiteElo "1686"]
[BlackElo "1624"]
[PlyCount "79"]
[EventDate "2011.05.02"]
[EventType "tourn"]
[EventRounds "7"]
[EventCountry "DEN"]
[SourceTitle "EXT 2023"]
[Source "ChessBase"]
[SourceDate "2022.10.05"]
[SourceVersion "1"]
[SourceVersionDate "2022.10.05"]
[SourceQuality "1"]

1. c4 c5 2. g3 g6 3. Bg2 Bg7 4. Nc3 Nc6 5. b3 d6 6. Bb2 Nf6 7. e3 0-0 8. Nge2 Rb8 9. 0-0 e6 10. d4 cxd4 11. Nxd4 Nxd4 12. Qxd4 b6 13. Ne4 Nh5 14. Qd2 Bxb2 15. Qxb2 Bb7 16. Rfd1 Bxe4 17. Bxe4 Qe7 18. Bf3 Ng7 19. Rd2 Rfd8 20. Rad1 Qc7 21. Qa3 Ne8 22. Qa4 Rbc8 23. Qa6 Kg7 24. Rd4 Qe7 25. Qa3 Qc7 26. Qb2 Kg8 27. Qd2 Qe7 28. e4 Qf6 29. Bg2 e5 30. Rd5 Rc5 31. Rd3 Qe7 32. Rc1 Ng7 33. b4 Rcc8 34. Bh3 Rb8 35. c5 bxc5 36. bxc5 dxc5 37. Rxd8+ Rxd8 38. Qa5 Ne6 39. Bxe6 Qxe6 40. Qxd8+ 1-0

[Event "Logumkloster-ch Basis 1"]
[Site "Logumkloster"]
[Date "2008.04.22"]
[Round "2"]
[White "Jakobsen, Vagn Lynge"]
[Black "Schroder, Borge"]
[Result "1-0"]
[WhiteElo "1838"]
[BlackElo "1786"]
[PlyCount "57"]
[EventDate "2008.04.15"]
[EventType "tourn"]
[EventRounds "5"]
[EventCountry "DEN"]
[SourceTitle "EXT 2023"]
[Source "ChessBase"]
[SourceDate "2022.10.05"]
[SourceVersion "1"]
[SourceVersionDate "2022.10.05"]
[SourceQuality "1"]

1. e4 c5 2. Nf3 Nc6 3. d4 cxd4 4. Nxd4 Qb6 5. Nb3 Nf6 6. Nc3 d6 7. Be3 Qd8 8. Be2 g6 9. Qd2 Bg7 10. Bh6 0-0 11. h4 Ng4 12. f3 Nf6 13. a4 Be6 14. 0-0-0 Bxb3 15. cxb3 Qa5 16. Kb1 Rfc8 17. Bxg7 Kxg7 18. h5 g5 19. h6+ Kh8 20. Bc4 Rf8 21. Nd5 Nb4 22. Qxg5 Rg8 23. Qd2 Nfxd5 24. exd5 Rac8 25. Rh4 Na6 26. Re4 Qd8 27. Rde1 Rc7 28. Qd4+ f6 29. Rxe7 1-0

[Event "Sonderjysk-chA"]
[Site "Agerskov"]
[Date "2007.09.23"]
[Round "5"]
[White "Schroder, Borge"]
[Black "Clausen, Hans Jorgen"]
[Result "1-0"]
[WhiteElo "1709"]
[BlackElo "1657"]
[PlyCount "61"]
[EventDate "2007.09.09"]
[EventType "tourn"]
[EventRounds "7"]
[EventCountry "DEN"]
[SourceTitle "EXT 2023"]
[Source "ChessBase"]
[SourceDate "2022.10.05"]
[SourceVersion "1"]
[SourceVersionDate "2022.10.05"]
[SourceQuality "1"]

1. c4 e6 2. g3 Nf6 3. Bg2 c6 4. Nc3 d5 5. b3 Be7 6. Bb2 Nbd7 7. e3 Nb6 8. cxd5 cxd5 9. Nge2 Bd7 10. 0-0 0-0 11. Nf4 Bc6 12. Nce2 Nbd7 13. Nd4 e5 14. Nxc6 bxc6 15. Nh5 g6 16. Nxf6+ Bxf6 17. Rc1 Rc8 18. d4 e4 19. Bh3 c5 20. Qc2 Be7 21. Qd2 f5 22. Rfd1 Bf6 23. dxc5 Bxb2 24. Qxb2 Nxc5 25. Bf1 Qd6 26. Qa3 Qb6 27. Rxd5 Nb7 28. Bc4 Kg7 29. Rd7+ Kh6 30. Qe7 Nc5 31. Qxh7+ 1-0